|
|
|
|
| LEADER |
03053nam a2200733 a 4500 |
| 001 |
nkc20152686122 |
| 003 |
CZ PrNK |
| 005 |
20160914111621.0 |
| 007 |
ta |
| 008 |
150407s2014 xr ac e c 001 0 cze |
| 015 |
|
|
|a cnb002686122
|
| 020 |
|
|
|a 978-80-86874-51-7
|q (váz.)
|
| 035 |
|
|
|a (OCoLC)908822289
|
| 040 |
|
|
|a ABA001
|b cze
|
| 041 |
0 |
|
|a cze
|b eng
|
| 043 |
|
|
|a e-xr---
|b e-xr-jc
|2 czenas
|
| 045 |
|
|
|a w5x2
|
| 072 |
|
7 |
|a 639.1
|x Myslivost
|2 Konspekt
|9 24
|
| 080 |
|
|
|a 069:63
|2 MRF
|
| 080 |
|
|
|a 59-051
|2 MRF
|
| 080 |
|
|
|a 069.5:59
|2 MRF
|
| 080 |
|
|
|a 639.18
|2 MRF
|
| 080 |
|
|
|a 599.735.3
|2 MRF
|
| 080 |
|
|
|a 639.11/.16
|2 MRF
|
| 080 |
|
|
|a 639.1(091)
|2 MRF
|
| 080 |
|
|
|a (437.319)
|2 MRF
|
| 080 |
|
|
|a (083.82)
|2 MRF
|
| 100 |
1 |
|
|a Čeněk, Miroslav,
|d 1953-
|7 mzk2007377655
|4 aut
|4 pht
|
| 245 |
1 |
0 |
|a Sallačova sbírka jelenovitých :
|b kritický katalog /
|c Miroslav Čeněk, Marie Voldřichová, Jan Robovský ; [ilustrovala Marie Voldřichová ; fotografie Miroslav Čeněk ... et al.]
|
| 260 |
|
|
|a Praha :
|b Národní zemědělské muzeum,
|c [2014]
|
| 300 |
|
|
|a 239 s. :
|b barev. il., 1 portrét ;
|c 30 cm
|
| 500 |
|
|
|a V tiráži uvedeno též ISSN časopisu (dříve edice) Prameny a studie: 0862-8483
|
| 504 |
|
|
|a Obsahuje bibliografie, bibliografické odkazy a rejstříky
|
| 546 |
|
|
|a Anglické resumé
|
| 600 |
1 |
7 |
|a Sallač, Vilém,
|d 1852-1927
|7 jk01110353
|2 czenas
|
| 610 |
2 |
7 |
|a Muzeum lesnictví, myslivosti a rybářství (Hluboká nad Vltavou, Česko)
|7 olak2007396519
|2 czenas
|
| 648 |
|
4 |
|a 1852-1927
|
| 650 |
0 |
7 |
|a zemědělská muzea
|7 ph487797
|z Česko
|2 czenas
|
| 650 |
0 |
7 |
|a zoologové
|7 ph127668
|z Česko
|y 19.-20. století
|2 czenas
|
| 650 |
0 |
7 |
|a zoologické sbírky
|7 ph323389
|z Česko
|y 19.-20. století
|2 czenas
|
| 650 |
0 |
7 |
|a lovecké trofeje
|7 ph134881
|2 czenas
|
| 650 |
0 |
7 |
|a jelenovití
|7 ph121339
|2 czenas
|
| 650 |
0 |
7 |
|a lovná zvěř
|7 ph115184
|2 czenas
|
| 650 |
0 |
7 |
|a zoologické sbírky
|7 ph323389
|z Česko
|y 19.-20. století
|2 czenas
|
| 650 |
0 |
9 |
|a agricultural museums
|z Czechia
|2 eczenas
|
| 650 |
0 |
9 |
|a zoologists
|z Czechia
|y 19th-20th centuries
|2 eczenas
|
| 650 |
0 |
9 |
|a zoological collections
|z Czechia
|y 19th-20th centuries
|2 eczenas
|
| 650 |
0 |
9 |
|a hunting trophies
|2 eczenas
|
| 650 |
0 |
9 |
|a Cervidae
|2 eczenas
|
| 650 |
0 |
9 |
|a game
|2 eczenas
|
| 650 |
0 |
9 |
|a history of game management
|z Czechia
|y 19th-20th centuries
|2 eczenas
|
| 651 |
|
7 |
|a Hluboká nad Vltavou (Česko)
|7 ge129262
|2 czenas
|
| 651 |
|
9 |
|a Hluboká nad Vltavou (Czechia)
|2 eczenas
|
| 655 |
|
7 |
|a katalogy
|7 fd132535
|2 czenas
|
| 655 |
|
9 |
|a catalogs
|2 eczenas
|
| 700 |
1 |
|
|a Voldřichová, Marie
|7 jo2015866395
|4 aut
|4 ill
|
| 700 |
1 |
|
|a Robovský, Jan,
|d 1980-
|7 jo2005274209
|4 aut
|4 pht
|
| 700 |
1 |
|
|a Sallač, Vilém,
|d 1852-1927
|7 jk01110353
|4 org
|
| 910 |
2 |
|
|a BOA001
|b 4-1350.026
|
| 990 |
|
|
|a BK
|
| 995 |
|
|
|a 01
|
| 991 |
|
|
|b 201507
|c NOV
|e n
|
| 996 |
6 |
|
|b 2610637684
|c 4-1350.026
|l MZK
|r Sklad / do 1 hodiny
|n 1
|p p.v.
|w 001512124
|u 000010
|a 1
|e BOA001
|j MZK50
|s P
|
| 996 |
6 |
|
|b 2610642985
|c 4-1350.026
|l MZK
|r STM 6p
|n 0
|p kup
|h 639.1 ČEN
|w 001512124
|u 000020
|a 0
|e BOA001
|j MZK50
|s P
|